LDR 01309naa#a2200205#i#450# 001 RU\\bibl\126438 005 20260630001517.2 011 ## _a2223-9987 100 ## _a20260629b2026####ek#y0rusy0150####ca 102 ## _aRU 200 1# _aПовышение безопасности движения трамваев за счет применения системы обеспечения активной безопасности и помощи водителю _eЖурнальная статья 210 1# _aСанкт-Петербург _cФГБОУ ВО "Петербургский государственный университет путей сообщения Императора Александра I" _d2026 215 ## _a11 с. 608 ## _aЖурнальная статья _2local 675 ## _aИскусственный интеллект в промышленных системах. Интеллектуальные САПР и АСУ. Интеллектуальные роботы. 004.896 _z 700 #1 _aВоробьев _gАлександр Алфеевич 700 #1 _aПерепеченов _gАлександр Маркович 700 #1 _aКондратенко _gВладимир Григорьевич 700 #1 _aМигулин _gНикита Константинович 856 4# _aatjournal.ru _u